SPSS Statistics for Dummies. (Record no. 168)
[ view plain ]
| 005 - DATE AND TIME OF LATEST TRANSACTION | |
|---|---|
| control field | 20250618122108.0 |
| 020 ## - INTERNATIONAL STANDARD BOOK NUMBER | |
| International Standard Book Number | 978-1-118-98901-2 |
| 082 ## - DEWEY DECIMAL CLASSIFICATION NUMBER | |
| Classification number | 005.55 McC |
| 100 ## - MAIN ENTRY--PERSONAL NAME | |
| Author name | McCORMICK, K. |
| 245 ## - TITLE STATEMENT | |
| Title | SPSS Statistics for Dummies. |
| 250 ## - EDITION STATEMENT | |
| Edition statement | 3rd Ed. |
| 260 ## - PUBLICATION, DISTRIBUTION, ETC. | |
| Place of publication, distribution, etc. | New Jersey, |
| Name of publisher, distributor, etc. | John Wiley & Sons, |
| Date of publication, distribution, etc. | 2015. |
| 300 ## - PHYSICAL DESCRIPTION | |
| Extent | xii, 370.: ill.; figure, graph |
| Other physical details | Glossary & Index |
| Dimensions | 24cm. |
| 700 ## - ADDED ENTRY--PERSONAL NAME | |
| Other authors/Editors | SALCEDO, J & POH, A. |
| 856 ## - ELECTRONIC LOCATION AND ACCESS | |
| Link text | Access Online book |
| Electronic name | Internet |
| Path | http://www.wiley.com/go/permissions |
| 942 ## - ADDED ENTRY ELEMENTS (KOHA) | |
| Source of classification or shelving scheme | Dewey Decimal Classification |
| Koha item type | Books |
| Date last seen | Total checkouts | Full call number | Barcode | Cost, replacement price | Price effective from | Koha item type | Lost status | Source of classification or shelving scheme | Damaged status | Not for loan | Withdrawn status | Home library | Current library | Shelving location | Date acquired | Cost, normal purchase price |
|---|---|---|---|---|---|---|---|---|---|---|---|---|---|---|---|---|
| 03/07/2025 | 005.55 McC | 000000388 | 206718.00 | 03/07/2025 | Books | Dewey Decimal Classification | College of Business Education Main Library | College of Business Education Main Library | General Collection | 03/07/2025 | 68906.00 | |||||
| 03/07/2025 | 005.55 McC | 000000389 | 206718.00 | 03/07/2025 | Books | Dewey Decimal Classification | College of Business Education Main Library | College of Business Education Main Library | General Collection | 03/07/2025 | 68906.00 | |||||
| 03/07/2025 | 005.55 McC | 000000390 | 206718.00 | 03/07/2025 | Books | Dewey Decimal Classification | College of Business Education Main Library | College of Business Education Main Library | General Collection | 03/07/2025 | 68906.00 |
